00408naa a2200133 a 450000100080000000500110000800800410001910000230006024501040008326000090018765000100019670000180020677300500022418285492019-05-20 1976 bl --- 0-- u #d1 aMOLLENHAUER, H. H. aCytochalasin B, but not colchicine, inhibits migration of secretory vesicles in root tips of maize. c1976 aMilho1 aMORRÉ, D. J. tProtoplasma, New Yorkgv. 87, p. 39-48, 1976.